000 00551nam a2200217Ia 4500
003 OSt
005 20220928143843.0
006 a|||||r|||| 00| 0
007 ta
008 220927b |||||||| |||| 00| 0 eng d
024 _a23226
037 _cTextual
040 _aSDCL
_cSDCL
_beng
041 _2eng
_aeng
082 _aC52, M9
100 _aLin James C Ed.
_9506142
245 0 _aElectromagnatic interaction with biological system.
260 _c1989
942 _hC52, M9
_cTEXL
_2CC
999 _c825172
_d825172